00387 2200157 4500001002100000005001500021035002000036245006100056100002800117250000600145300001200151260003200163082000800195084001400203990001200217INLIS00000000000254020250604122025 a0010-06250001261 aJangan Takut Hadapi Hidup /cDr. 'Aidh Abdullah Al-Qarni0 a'Aidh Abdullah Al-Qarni a1 a464 hlm bCakrawala Publishing,c2007 a100 a100 'AI j a0712323